<?xml version="1.0" encoding="UTF-8"?>
<record
    xmlns:xsi="http://www.w3.org/2001/XMLSchema-instance"
    xsi:schemaLocation="http://www.loc.gov/MARC21/slim http://www.loc.gov/standards/marcxml/schema/MARC21slim.xsd"
    xmlns="http://www.loc.gov/MARC21/slim">

  <leader>02755cam a22004094i 4500</leader>
  <controlfield tag="003">PE-LiUPU</controlfield>
  <controlfield tag="005">20250731183429.0</controlfield>
  <controlfield tag="008">150706s                r     000 0     d</controlfield>
  <datafield tag="035" ind1=" " ind2=" ">
    <subfield code="a">(Sirsi) a50272</subfield>
  </datafield>
  <datafield tag="040" ind1=" " ind2=" ">
    <subfield code="a">PE-LiUPU</subfield>
    <subfield code="b">spa</subfield>
    <subfield code="c">PE-LiUPU</subfield>
    <subfield code="e">rda</subfield>
  </datafield>
  <datafield tag="049" ind1=" " ind2=" ">
    <subfield code="a">PRUA</subfield>
  </datafield>
  <datafield tag="082" ind1="0" ind2="4">
    <subfield code="a">720.986105</subfield>
    <subfield code="b">E78</subfield>
    <subfield code="2">21</subfield>
  </datafield>
  <datafield tag="245" ind1="0" ind2="1">
    <subfield code="a">Ciudades sat&#xE9;lite /</subfield>
    <subfield code="c">Sociedad Bolivariana de Arquitectos.</subfield>
  </datafield>
  <datafield tag="264" ind1=" " ind2="1">
    <subfield code="a">Bogot&#xE1; :</subfield>
    <subfield code="b">Sociedad Bolivariana de Arquitectos,</subfield>
    <subfield code="c">[1987].</subfield>
  </datafield>
  <datafield tag="300" ind1=" " ind2=" ">
    <subfield code="a">pag. varia :</subfield>
    <subfield code="b">ilustraciones ;</subfield>
    <subfield code="c">34 cm.</subfield>
  </datafield>
  <datafield tag="336" ind1=" " ind2=" ">
    <subfield code="a">text</subfield>
    <subfield code="2">rdacontent</subfield>
  </datafield>
  <datafield tag="337" ind1=" " ind2=" ">
    <subfield code="a">unmediated</subfield>
    <subfield code="2">rdamedia</subfield>
  </datafield>
  <datafield tag="338" ind1=" " ind2=" ">
    <subfield code="a">volume</subfield>
    <subfield code="2">rdacarrier</subfield>
  </datafield>
  <datafield tag="490" ind1="0" ind2=" ">
    <subfield code="a">Paquetes tem&#xE1;ticos ;</subfield>
    <subfield code="v">20</subfield>
  </datafield>
  <datafield tag="500" ind1=" " ind2=" ">
    <subfield code="a">ISSN: 0120-6702</subfield>
  </datafield>
  <datafield tag="500" ind1=" " ind2=" ">
    <subfield code="a">La Revista Escala publica monograf&#xED;as t&#xED;tuladas como : "Paquetes tem&#xE1;ticos" cubre temas especificos, recopilados de los art&#xED;culos publicados en la misma revista.</subfield>
  </datafield>
  <datafield tag="505" ind1="0" ind2=" ">
    <subfield code="a">Antecendentes hist&#xF3;ricos -- Bucaramanga, "ciudad de los parques" -- Ejemplos de planeaci&#xF3;n urban&#xED;stica y arquitect&#xF3;nica -- Conclusiones de una investigaci&#xF3;n -- Coser la ciudad -- "Ciudadela real de minas" -- Gu&#xED;a de dise&#xF1;o para la plaza central y la calle real de la ciudadela real de minas -- Unidades de dise&#xF1;o 1 y 2 - Proyecto arquitect&#xF3;nico -- Unidades de dise&#xF1;o 3, 4, 5 y 22. Proyecto arquitect&#xF3;nico -- Exposici&#xF3;n internacional de arquitectura y h&#xE1;bitat (IBA) - Berl&#xED;n -- En Berl&#xED;n -- Berl&#xED;n -- Berl&#xED;n: barrio kreuzberg: paso a paso -- Los nuevos asentamientos urbanos -- Par&#xED;s: ciudad nueva de Saint Quentin - en Yvelines -- Par&#xED;s: ciudad nueva de Marne - la - Vallee -- Par&#xED;s: ciudad nueva de Cergy Pontoise -- Proyectos en Latinoam&#xE9;rica -- Colombia -- Proyectos del mundo -- Alemania -- Espa&#xF1;a -- Francia -- Holanda -- U.S.A --  La ciudad no es un &#xE1;rbol -- Espacio arquitect&#xF3;nico - espacio urbano -- Di&#xE1;logos con escala -- Ejemplos notables de arquitectura - B&#xF3;got 1980 -- La ciudad en la literatura -- A prop&#xF3;sito de revistas de arquitectura -- Las revistas profesionales y la historia de la arquitectura en Colombia -- Dise&#xF1;o industrial -- Iluminaci&#xF3;n.</subfield>
  </datafield>
  <datafield tag="526" ind1=" " ind2=" ">
    <subfield code="a">P158</subfield>
  </datafield>
  <datafield tag="526" ind1=" " ind2=" ">
    <subfield code="a">P146</subfield>
  </datafield>
  <datafield tag="526" ind1=" " ind2=" ">
    <subfield code="a">P17</subfield>
  </datafield>
  <datafield tag="526" ind1=" " ind2=" ">
    <subfield code="a">P12</subfield>
  </datafield>
  <datafield tag="526" ind1=" " ind2=" ">
    <subfield code="a">P06</subfield>
  </datafield>
  <datafield tag="650" ind1="0" ind2="4">
    <subfield code="a">Arquitectura colombiana</subfield>
    <subfield code="v">Publicaciones seriadas.</subfield>
  </datafield>
  <datafield tag="650" ind1="0" ind2="4">
    <subfield code="a">Arquitectura</subfield>
    <subfield code="x">Dise&#xF1;os y planos</subfield>
    <subfield code="v">Publicaciones seriadas.</subfield>
  </datafield>
  <datafield tag="650" ind1="0" ind2="4">
    <subfield code="a">Arte colombiano</subfield>
    <subfield code="x">Siglo XX</subfield>
    <subfield code="v">Publicaciones seriadas.</subfield>
  </datafield>
  <datafield tag="650" ind1="0" ind2="4">
    <subfield code="a">Ingenier&#xED;a</subfield>
    <subfield code="z">Colombia</subfield>
    <subfield code="v">Publicaciones seriadas.</subfield>
  </datafield>
  <datafield tag="910" ind1=" " ind2=" ">
    <subfield code="a">gl</subfield>
  </datafield>
  <datafield tag="942" ind1=" " ind2=" ">
    <subfield code="2">ddc</subfield>
    <subfield code="c">BOOK</subfield>
  </datafield>
  <datafield tag="949" ind1=" " ind2=" ">
    <subfield code="a">720.986105 E78 20</subfield>
    <subfield code="w">DEWEY</subfield>
    <subfield code="c">1</subfield>
    <subfield code="i">63801</subfield>
    <subfield code="l">CCODEBUL1</subfield>
    <subfield code="m">BUL</subfield>
    <subfield code="p">43.00</subfield>
    <subfield code="r">0</subfield>
    <subfield code="s">Y</subfield>
    <subfield code="t">LIBRO</subfield>
    <subfield code="u">2015-07-06</subfield>
    <subfield code="x">INGENIERIA</subfield>
    <subfield code="o">.STAFF. Colecci&#xF3;n General</subfield>
  </datafield>
  <datafield tag="999" ind1=" " ind2=" ">
    <subfield code="c">52692</subfield>
    <subfield code="d">52692</subfield>
  </datafield>
  <datafield tag="980" ind1=" " ind2=" ">
    <subfield code="8">1</subfield>
    <subfield code="g">ALBERTO SANCHEZ Responsable de Automatizaci&#xF3;n</subfield>
  </datafield>
  <datafield tag="952" ind1=" " ind2=" ">
    <subfield code="r">2025-12-02 00:00:00</subfield>
    <subfield code="i">5</subfield>
    <subfield code="l">1</subfield>
    <subfield code="o">720.986105 E78 20</subfield>
    <subfield code="p">63801</subfield>
    <subfield code="s">2022-10-27</subfield>
    <subfield code="t">e1</subfield>
    <subfield code="v">48.00</subfield>
    <subfield code="w">2015-07-06</subfield>
    <subfield code="x">FIA</subfield>
    <subfield code="y">BK</subfield>
    <subfield code="z">inventario-2023-12-13</subfield>
    <subfield code="1">0</subfield>
    <subfield code="2">ddc</subfield>
    <subfield code="5">0</subfield>
    <subfield code="7">0</subfield>
    <subfield code="8">GEN</subfield>
    <subfield code="f">P06</subfield>
    <subfield code="a">BUL</subfield>
    <subfield code="b">BUL</subfield>
    <subfield code="c">LGRA</subfield>
    <subfield code="d">2015-07-06</subfield>
    <subfield code="e">COMPRA</subfield>
    <subfield code="g">43.00</subfield>
  </datafield>
</record>
